00816nam a22002177a 450000500170000001000150001702000270003203500140005903700130007308200140008610000260010024500530012626000680017927000740024730000300032170000350035170000270038694200280041399900190044195201380046020231115110733.0 aENG-138122 a9789357052108c1199.00 aEN-121654 bDBAD/PUB a532.02466 aChin, David A.958668 aFluid Mechanics For Engineers/cBy David A. Chin aUttar PradeshbPearson India Education Services Pvt. Ltd.c2023 a1st Floor, Berger Tower, Plot No. C-001A/2, Sector 16BbNoidae201301 a1044 p.c25cm(pbk)bIndex aPapadimitriou, Christos956652 aVazirani, Umesh956874 2ddccENh532.02466mCHI c198314d198314 001040708NFICaVPbVPd2023-09-18eDBAD/PUBg1199.00l0o532.02466 CHIpEN-121654r2023-09-18 00:00:00t1v1199.00w2023-09-18yEN